| 000 | 00597nam a2200205Ia 4500 | ||
|---|---|---|---|
| 005 | 20211108113919.0 | ||
| 008 | 131103s9999 xx 000 0 und d | ||
| 040 | _aLoreto College | ||
| 041 | _aEnglish | ||
| 082 |
_a320.5 _bHAM |
||
| 100 | _aHampton, Christopher | ||
| 245 |
_aSocialism in a crippled world _cChristopher Hampton |
||
| 260 |
_aHarmondsworth _bPenguin Books _c1981 |
||
| 300 | _a352 p. | ||
| 504 | _aIncludes bibliographical references and index | ||
| 650 | _aPolitics - Political Ideology - Socialism - | ||
| 651 | _aPolitical Science - | ||
| 850 | _aLCLIB | ||
| 942 | _cBK | ||
| 999 |
_c346 _d50825 |
||